|
|
|
|
| LEADER |
00000cam a2200000 a 4500 |
| 001 |
vtls008332024 |
| 003 |
SK-MaSNL |
| 005 |
20260301075056.0 |
| 008 |
181127s1958 xo a grf 000 0 slo |
| 015 |
|
|
|a SNBA1958/04-00545
|
| 020 |
|
|
|q (brožované)
|
| 035 |
|
|
|a SK01SNK19580024241
|
| 035 |
|
|
|a SKM000026704
|
| 040 |
|
|
|a SNK
|b slo
|c SNK
|e AACR2
|
| 041 |
0 |
|
|a slo
|
| 044 |
|
|
|a xo
|c SK
|
| 072 |
|
7 |
|a 618
|x Gynekológia. Pôrodníctvo
|2 konspekt
|
| 072 |
|
7 |
|a 796
|x Šport. Hry. Telesné cvičenia
|2 konspekt
|
| 080 |
|
|
|a 618.6:613.71
|2 1981
|
| 080 |
|
|
|a 613.71:618.6
|2 1981
|
| 080 |
|
|
|a 618.6/.7
|2 2011
|
| 080 |
|
|
|a 796.41
|2 2011
|
| 080 |
|
|
|a (035)
|2 2011
|
| 100 |
1 |
|
|a Kliment, Vojtech,
|d 1918-2005
|4 aut
|9 203753
|
| 245 |
1 |
0 |
|a Gymnastika v šestonedelí
|c Vojtech Kliment
|
| 250 |
|
|
|a 3. vyd.
|
| 260 |
|
|
|a Bratislava
|b Slovenský ústav zdravotníckej osvety
|c 1958
|
| 300 |
|
|
|a 26 strán
|b ilustrácie
|c 21 cm
|
| 366 |
|
|
|e 20000 kusov
|
| 490 |
1 |
|
|a Zdravotnícke aktuality
|v zv. 19
|
| 650 |
0 |
7 |
|a šestonedelie
|2 SNKPH
|9 3977
|
| 650 |
0 |
7 |
|a gymnastika
|2 SNKPH
|9 709
|
| 655 |
|
7 |
|a príručky
|2 SNKPH
|9 74364
|
| 830 |
|
0 |
|a Zdravotnícke aktuality
|9 288667
|
| 958 |
|
|
|a OND
|
| 958 |
|
|
|a TL
|
| 958 |
|
|
|a RK
|
| 999 |
|
|
|c 649072
|d 651002
|
| 952 |
|
|
|a SNK
|b SNK
|y PREZ
|7 0
|p 17A0560722
|o snkSD 14995
|i snkKSP 905/58
|0 0
|1 0
|4 0
|d 2007-10-06
|l 0
|r 2025-11-28 00:00:00
|w 2026-02-23
|